Statistics for Biggest Countries with NO Mountains

Click here to take the quiz!

General Stats

  • This quiz has been taken 164 times
    (157 since last reset)
  • The average score is 4 of 10

Answer Stats

RankCountry% Correct
5.Netherlands
92%
6.Denmark
69%
4.Estonia
48%
3.Latvia
48%
2.Lithuania
47%
1.Belarus
42%
8.Moldova
27%
9.Kuwait
20%
10.Gambia
18%
7.Guinea - Bissau
9%

Score Distribution

Percentile by Number Answered

Percent of People with Each Score

Your Score History

You have not taken this quiz since the last reset